Loading...

അടിവേരുകൾ /

Bibliographic Details
Main Author: കൃഷ്ണപിള്ള, എൻ
Format: Printed Book
Language:Malayalam
Published: കോട്ടയം : ഡി.സി.ബുക്‌സ് , 1993.
LEADER 00639nam a2200157Ia 4500
008 111205s1993 II 000 0 mal d
041 |a mal 
082 |a 850.9 
100 |a കൃഷ്ണപിള്ള, എൻ.  |9 1580470 
245 |a അടിവേരുകൾ /   |c എൻ. കൃഷ്ണപിള്ള 
246 |a Adiverukal 
260 |b ഡി.സി.ബുക്‌സ് ,   |a കോട്ടയം :   |c 1993. 
300 |a 140 Pages 
942 |c BK 
999 |c 207366  |d 207366 
952 |0 0  |1 0  |2 ddc  |4 0  |6 850_900000000000000_KRI_A  |7 0  |9 229339  |a MAL  |b MAL  |c ST1  |d 2011-12-05  |g 20.00  |l 1  |o 850.9 KRI/A  |p MAL23124  |r 2015-09-08  |s 2015-09-07  |v 20.00  |w 2011-12-05  |y BK